000 00880nam a22002417a 4500
008 240706b mp ||||| |||| 00| 0 mon d
020 _a978-99973-1-112-2
035 _a62318
040 _aBH0164090
_bmon
_cMN-UlNLM
_dMN-UlNLM
_erda
041 _amon
042 _a188112
084 _2NNA
_a83.8
_bС.88
100 _aАнна Сьюэлл
245 0 _aХилэн хар
264 _aУБ
_bАдмон принт ХХК
_c2015
300 _a335х.
336 _2rdacontent
_atext
_btxt
337 _2rdamedia
_aunmediated
_bn
338 _2rdacarrier
_avolume
_bnc
650 _aЗохиогч Анна Сьюэлл 12 настайгаасаа ажилчдын хүүхдүүдэд ном уншиж өгдөг байжээ. Тэрээр "Хилэн хар" зохиолоо долоон жилийн турш б...
942 _2NNA
_cBK
999 _c1122511
_d1122568